Comunidades Autónomas de España por número de habitantes (2020) - Estadísticas

Estadísticas generales
  • Esta prueba ha sido intentada 582 veces
  • La puntuación promedio es 15 de 17
Estadísticas de respuestas
Número de habitantes (aprox., 2020) Respuesta % Correcto
6,75 M Comunidad de Madrid
99%
7,76 M Cataluña
98%
8,47 M Andalucía
96%
5,05 M Comunidad Valenciana
96%
2,38 M Castilla y León
95%
2,70 M Galicia
94%
2,04 M Castilla-La Mancha
92%
2,21 M País Vasco
91%
1,01 M Principado de Asturias
90%
1,51 M Región de Murcia
90%
1,05 M Extremadura
89%
319 K La Rioja
84%
1,32 M Aragón
83%
584 K Cantabria
83%
2,17 M Canarias
81%
1,17 M Islas Baleares
81%
661 K Comunidad Foral de Navarra
77%
No se encontraron pruebas coincidentes
Distribución de puntuación
Porcentaje de gente con cada puntuación
Porcentaje por número respondido
Historial de tus puntuaciones
No has intentado esta prueba.